Mozura : (Registro nro. 8153)
[ vista simple ]
| 000 -LIDER | |
|---|---|
| fixed length control field | 01146nam a2200265 a 4500 |
| 001 - NÚMERO DE CONTROL | |
| Identificador de número de control | 000039880 |
| 003 - IDENTIFICACDOR DE NÚMERO DE CONTROL | |
| control field | DO-SdBPM |
| 005 - DATE AND TIME OF LATEST TRANSACTION | |
| control field | 20250606130724.0 |
| 007 - CAMPOS FIJOS DE DESCRIPCIÓN FÍSICA | |
| fixed length control field | 000039880 |
| 008 - ELEMENTOS DE LONGITUD FIJA | |
| fixed length control field | 130726s2013 dr 000 0 spa d |
| 020 ## - ISBN | |
| International Standard Book Number | 9789945489750 |
| 040 ## - FUENTE DE CATALOGACIÓN | |
| Agencia que crea de manera original el registro | DO-SdBPM |
| Idioma de catalogación | spa |
| Agencia que realiza la transcripción | BPMSU |
| 082 #4 - NÚMERO DE CLASIFICACIÓN DECIMAL DE DEWEY | |
| Classification number | RD863.44 |
| Item number | G934m 2013 |
| Edition number | 22 |
| 100 1# - ASIENTO PRINCIPAL -- NOMBRE PERSONAL | |
| Nombre personal | Guerrero, Laureano |
| 9 (RLIN) | 4 |
| 245 10 - MENCIÓN DE TITULO | |
| Título | Mozura : |
| Subtítulo | novela / |
| Mención de responsabilidad | Laureano Guerrero. |
| 260 ## - PUBLICACIÓN, DISTRIBUCIÓN, ETC. (PIE DE IMPRENTA) | |
| Lugar de publicación, distribución, etc | Santo Domingo : |
| Nombre del editor, distribuidor, etc. | Editorial Santuario, |
| Fecha de publicación, distribución, etc | 2013. |
| 300 ## - DESCRIPCIÓN FÍSICA | |
| Extensión | 235 p. ; |
| Dimensiones | 24 cm. |
| 500 ## - NOTA GENERAL | |
| Nota general | Incluye datos biográficos del autor en la solapa de la cubierta |
| 505 0# - NOTA DE CONTENIDO | |
| Texto normalizado de contenido | Prólogo 13 -- El barrio 15 -- La cárcel 25 -- La mudanza 31 -- Los amigos 41 -- Un caminito 49 -- El barbero 55 -- Milito 59 -- La guerra 89 -- Fin de la guerra 97 -- El apresamiento 123 -- Amigos de infancia 131 -- Regreso de el cabo 141 -- Hacia la capital 149 -- Alfonso Almeyda 187 -- Reconciliación 213 -- Ley de vida 217 -- La sorpresa 225 -- La disyuntiva 231 |
| 590 ## - NOTA LOCAL | |
| Texto de la nota local | Inventariado, 2025/VM |
| 650 #4 - ENCABEZAMIENTO DE MATERIA--TEMÁTICO | |
| Término temático o nombre geográfico como elemento de entrada | Novela dominicana |
| 650 #4 - ENCABEZAMIENTO DE MATERIA--TEMÁTICO | |
| Término temático o nombre geográfico como elemento de entrada | Literatura dominicana |
| 910 ## - VALIDACIÓN | |
| Validación | VMateo V. Control de calidad. BPMSU |
| 942 ## - ADDED ENTRY ELEMENTS (KOHA) | |
| Source of classification or shelving scheme | Dewey Decimal Classification |
| Koha item type | Libros |
| Withdrawn status | Lost status | Source of classification or shelving scheme | Damaged status | Not for loan | Collection code | Home library | Current library | Date acquired | Total Checkouts | Full call number | Barcode | Date last seen | Price effective from | Koha item type |
|---|---|---|---|---|---|---|---|---|---|---|---|---|---|---|
| Dewey Decimal Classification | Colección Dominicana | Biblioteca Pública Metropolitana Salomé Ureña | Biblioteca Pública Metropolitana Salomé Ureña | 08/10/2015 | BPMSU CD RD863.44 G934m 2013 | BPMSU15080260 | 08/10/2015 | 08/10/2015 | Libros |